Movies Quiz

Random Movies or Actor Quiz

Movie Cast Match (1996) Quiz Stats

 Plays Quiz Updated Aug 9, 2017

Support Sporcle.
Go Orange.
Score 0/40 Timer 08:00
6 Plays Today
% Correct
Jerry Maguire
95.2%
Independence Day
93.1%
Space Jam
92.7%
Mission: Impossible
89.4%
Happy Gilmore
89.3%
Scream
88.8%
Romeo + Juliet
88.6%
Star Trek: First Contact
87.4%
The Nutty Professor
86.1%
The Cable Guy
85.6%
Fargo
85.1%
Evita
83%
Twister
80.1%
The English Patient
79%
Striptease
77.7%
Tin Cup
76.4%
The Rock
75.7%
Don't Be a Menace to South Central While Drinking Your Juice in the Hood
73.4%
Jingle All the Way
73.1%
Barb Wire
72%
% Correct
Beavis and Butt-Head Do America
72%
The People vs. Larry Flynt
71.8%
Kazaam
71.6%
Trainspotting
71.6%
Ransom
70.3%
Escape from L.A.
69.5%
That Thing You Do!
68.5%
Black Sheep
66.9%
Jack
66.6%
Swingers
66.4%
Eraser
66.2%
A Time to Kill
66%
Michael
65.7%
Broken Arrow
65.5%
Sling Blade
64.6%
From Dusk Till Dawn
63.9%
Primal Fear
62.5%
Bio-Dome
61.4%
Mars Attacks!
60.3%
Kingpin
59.5%

You're not logged in!

Compare scores with friends on all Sporcle quizzes.
OR
Log In
Forgot?

From the Vault

Vocabulary Blitz XLVIII

by iglew

You've only got a minute, so trying to cheat with a dictionary probably won't help too much.
Remove Ads.
Support Sporcle.
Get the best of Sporcle when you Go Orange. This ad-free experience offers more features, more stats, and more fun while also helping to support Sporcle. Thank you for becoming a member.

Show Comments

Extras

Top Quizzes Today


Score Distribution

Your Account Isn't Verified!

In order to create a playlist on Sporcle, you need to verify the email address you used during registration. Go to your Sporcle Settings to finish the process.

Report this User

Report this user for behavior that violates our Community Guidelines.

Details: